The transforming image : Painted Arts of Northwest Coast first nations

Đã lưu trong:
书目详细资料
主要作者: Bill Mclennan
格式: 图书
语言:Undetermined
出版: Canada UBC Press 2000
主题:
标签: 添加标签
没有标签, 成为第一个标记此记录!
Thư viện lưu trữ: Trung tâm Học liệu Trường Đại học Cần Thơ
LEADER 00483nam a2200169Ia 4500
001 CTU_55972
008 210402s9999 xx 000 0 und d
082 |a 759.19508997 
082 |b M478 
100 |a Bill Mclennan 
245 4 |a The transforming image : Painted Arts of Northwest Coast first nations 
245 0 |c Bill Mclennan 
260 |a Canada 
260 |b UBC Press 
260 |c 2000 
650 |a Indian Painting 
980 |a Trung tâm Học liệu Trường Đại học Cần Thơ